<?xml version="1.0" encoding="UTF-8"?>
<record
    xmlns:xsi="http://www.w3.org/2001/XMLSchema-instance"
    xsi:schemaLocation="http://www.loc.gov/MARC21/slim http://www.loc.gov/standards/marcxml/schema/MARC21slim.xsd"
    xmlns="http://www.loc.gov/MARC21/slim">

  <leader>01198nam a22002537a 4500</leader>
  <controlfield tag="003">KOHA_M&#x130;RAKIL</controlfield>
  <controlfield tag="005">20260511070438.0</controlfield>
  <controlfield tag="008">260507b        tu ||||| |||| 00| 0 tur d</controlfield>
  <datafield tag="020" ind1=" " ind2=" ">
    <subfield code="a">9786052222928</subfield>
  </datafield>
  <datafield tag="040" ind1=" " ind2=" ">
    <subfield code="a">TR-AnABB</subfield>
    <subfield code="b">tur</subfield>
    <subfield code="c">TR-AnABB</subfield>
  </datafield>
  <datafield tag="041" ind1=" " ind2=" ">
    <subfield code="a">tur</subfield>
  </datafield>
  <datafield tag="082" ind1=" " ind2=" ">
    <subfield code="a">320.109 561</subfield>
    <subfield code="b">GOK 2024</subfield>
  </datafield>
  <datafield tag="100" ind1="1" ind2=" ">
    <subfield code="a">G&#xF6;kdemir, Orhan</subfield>
  </datafield>
  <datafield tag="245" ind1="1" ind2="0">
    <subfield code="a">Karanl&#x131;k yol :</subfield>
    <subfield code="b">Nak&#x15F;i- Halidi tarikat&#x131; tarihi /</subfield>
    <subfield code="c">Orhan G&#xF6;kdemir</subfield>
  </datafield>
  <datafield tag="250" ind1=" " ind2=" ">
    <subfield code="a">2. bask&#x131;</subfield>
  </datafield>
  <datafield tag="260" ind1=" " ind2=" ">
    <subfield code="a">&#x130;stanbul :</subfield>
    <subfield code="b">Yaz&#x131;lama yay&#x131;nevi,</subfield>
    <subfield code="c">2024</subfield>
  </datafield>
  <datafield tag="300" ind1=" " ind2=" ">
    <subfield code="a">396 sayfa ;</subfield>
    <subfield code="c">20 cm</subfield>
  </datafield>
  <datafield tag="490" ind1="0" ind2=" ">
    <subfield code="a">Yaz&#x131;lama yay&#x131;nevi ; </subfield>
    <subfield code="v">255</subfield>
  </datafield>
  <datafield tag="490" ind1="0" ind2=" ">
    <subfield code="a">T&#xFC;rkiye yaz&#x131;lar&#x131; ;</subfield>
    <subfield code="v">51</subfield>
  </datafield>
  <datafield tag="505" ind1=" " ind2=" ">
    <subfield code="a">&#x130;&#xE7;indekiler: Yolu asr-&#x131; saadet'ten ba&#x15F;latmak - 31 Mart: B&#xFC;y&#xFC;k Halidi Ayaklanmas&#x131; - Cumhuriyetten Sonra halidilik - T&#xFC;rkler ve K&#xFC;rtler: Nak&#x15F;i Karde&#x15F;li&#x11F;i nereye kadar - Karanl&#x131;k Yol koalisyonu - T&#xFC;rkiye tarikat haritas&#x131; - Halidli&#x11F;in &#xFC;lk&#xFC;c&#xFC; kolu - Tarikatlar&#x131;n dini - Necip Faz&#x131;l: Tayyiban Rejimin ideolo&#x11F;u - Cumhuriyet ve tarikatlar - 12 Eyl&#xFC;l'den sonra dinselle&#x15F;me ve tarikatlar - Tarikat holding - Okyanus &#xF6;tesi halidi </subfield>
  </datafield>
  <datafield tag="650" ind1="0" ind2="4">
    <subfield code="a">Din ve siyaset ili&#x15F;ki, T&#xFC;rkiye</subfield>
  </datafield>
  <datafield tag="900" ind1=" " ind2=" ">
    <subfield code="b">Can &#xC7;ELIK</subfield>
  </datafield>
  <datafield tag="942" ind1=" " ind2=" ">
    <subfield code="2">ddc</subfield>
    <subfield code="c">BK</subfield>
  </datafield>
  <datafield tag="952" ind1=" " ind2=" ">
    <subfield code="0">0</subfield>
    <subfield code="1">0</subfield>
    <subfield code="2">ddc</subfield>
    <subfield code="7">0</subfield>
    <subfield code="a">RUK</subfield>
    <subfield code="b">RUK</subfield>
    <subfield code="d">2026-05-07</subfield>
    <subfield code="l">0</subfield>
    <subfield code="o">320.109 561 GOK 2024</subfield>
    <subfield code="p">RK8276</subfield>
    <subfield code="r">2026-05-07 13:45:54</subfield>
    <subfield code="w">2026-05-07</subfield>
    <subfield code="y">BK</subfield>
  </datafield>
  <datafield tag="999" ind1=" " ind2=" ">
    <subfield code="c">10383</subfield>
    <subfield code="d">10383</subfield>
  </datafield>
</record>
